Insulation can make it too hot (Record no. 73952)

MARC details
000 -LEADER
fixed length control field 01016cam a2200229 4500
001 - CONTROL NUMBER
control field ABS67307
008 - FIXED-LENGTH DATA ELEMENTS--GENERAL INFORMATION
fixed length control field 031211n2003 000 0 eng u
035 ## - SYSTEM CONTROL NUMBER
System control number (Sirsi) u124608
100 ## - MAIN ENTRY--PERSONAL NAME
Personal name Watson, B.
245 ## - TITLE STATEMENT
Title Insulation can make it too hot
260 ## - PUBLICATION, DISTRIBUTION, ETC.
Date of publication, distribution, etc. 2003
490 ## - SERIES STATEMENT
Series statement Estates Gazette
Volume/sequential designation (0346) 15 November 2003, 128(1)
520 ## - SUMMARY, ETC.
Summary, etc. Looks at how insulation used in many prefabricated cladding and insulation panels may contain high densities of insulants. The insulants are inherently combustible but are necessary to ensure compliance with the revised Building Regulations. This danger has led to higher premiums being demanded from insurance companies. Suggests increased testing of these components may clarify the risks to insurance companies.
590 ## - LOCAL NOTE (RLIN)
Local note ABS
650 ## - SUBJECT ADDED ENTRY--TOPICAL TERM
Topical term or geographic name entry element INSULATION
650 ## - SUBJECT ADDED ENTRY--TOPICAL TERM
Topical term or geographic name entry element PREFABRICATED BUILDINGS
650 ## - SUBJECT ADDED ENTRY--TOPICAL TERM
Topical term or geographic name entry element CLADDING
650 ## - SUBJECT ADDED ENTRY--TOPICAL TERM
Topical term or geographic name entry element BUILDING REGULATIONS
9 (RLIN) 6224
650 ## - SUBJECT ADDED ENTRY--TOPICAL TERM
Topical term or geographic name entry element COMBUSTIBLE MATERIALS
690 ## - LOCAL SUBJECT ADDED ENTRY--TOPICAL TERM (OCLC, RLIN)
Topical term or geographic name as entry element BUILT ENVIRONMENT-BUILDING MATERIALS
942 ## - ADDED ENTRY ELEMENTS (KOHA)
Suppress in OPAC 0
Holdings
Withdrawn status Lost status Source of classification or shelving scheme Damaged status Not for loan Home library Current library Shelving location Date acquired Total Checkouts Full call number Barcode Date last seen Copy number Price effective from Koha item type
    Dewey Decimal Classification     London London Journal article 11/12/2003   ABS67307 124608-1001 06/08/2019 1 06/08/2019 Journal article